Регионална библиотека "Любен Каравелов" - Русе

Вражалец (Запис номер 341757)

MARC детайли
000 -Лидер
Контролно поле с фиксирана дължина 01314nam a2200349 c 4500
003 - Код на организацията, давaща контролен номер
Контролно поле BLK
005 - Дата и час на последна редакция
Контролно поле 20230725161400.0
008 - Елементи от данни с фиксирана дължина
fixed length control field 180911b bul|||||r ||||||| ||bul||
010 ## - Наследен системен номер
LC control number 001387
040 ## - Източник на каталожния запис
Идентификатор на билиотеката - собственик на записа BLK
041 ## - Код за език
Код за езика на текст/звукозапис или на отделно заглавие Български
Код за езика КДБФ Български
080 ## - УДК
УДК - код + определител 886.7-2
100 1# - Редна дума - Автор
Автор Костов, Стефан Лазаров
Авторска отговорност първи автор
R(LIN) 83131
Дати, свързани с автора 1879 – 1939
Пълна форма на името Стефан Лазаров Костов
245 00 - Сведения за заглавието
Заглавие Вражалец
Подзаглавни данни Комедия в 4 д.
246 ## - Различни форми на заглавието
Наименование на поредна част от произведението
260 ## - Област на издателските данни
Място на издаване, разпространение и проч. София
Име на издателя, разпространителя и проч. Ж. Маринов
Година на издаване 1933
300 ## - Физическа характеристика
Страници 144 с.
Размери/Мащаб 18 см
380 ## - Жанр
Жанр Литературознание
490 ## - СЕРИИ (Колекции)
Име на серия Частна колекция - Академик Михаил Арнаудов
Бележки за серията Дарение - Основен фонд
500 ## - Общи забележки
Забележка Автограф с текст: На Мишо Арнаудов, 3. Х. 932. Ст. Л. Костов (инв.№ 587369)
500 ## - Общи забележки
Забележка Автограф с текст: На Мишо Арнаудов, София, 10. ХII. 932 г. Ст. Л. Костов (инв.№ 587412)
650 ## - Допълнително описание по предмет – тема
Основно описание – тема или топоним Драма
9 (RLIN) 153705
653 ## - Ключова дума – ненормативна
Ключова дума драма
653 ## - Ключова дума – ненормативна
Ключова дума комедии
655 ## - Ключова дума – жанр/разновидност
Данни за жанр/разновидност или ключова дума за фокус българска литература
852 ## - Местоположение
Форматна сигнатура МА 408
Фондова буква Фонд "Михаил Арнаудов"
942 ## - АРТИКУЛИ
Вид на библиотечния материал Книги
Скрит в OPAC Не
Периодичен библиозапис Да
Koha issues (borrowed), all copies 1
944 ## - СЪЗДАВАНЕ И РЕДАКЦИЯ на ЗАПИСА
Създаване/Редакция Създаване
Дата на регистрацията/редакция 1995
Служител, извършил регистрацията/редакцията 30529
Статус, дата на статуса Диана Гривева
999 ## - СИСТЕМНИ КОНТРОЛНИ НОМЕРА
Koha biblionumber 341757
Koha biblioitemnumber 341757
999 ## - СИСТЕМНИ КОНТРОЛНИ НОМЕРА
Koha biblioitemnumber 341757
999 ## - СИСТЕМНИ КОНТРОЛНИ НОМЕРА
Koha biblioitemnumber 341757
999 ## - СИСТЕМНИ КОНТРОЛНИ НОМЕРА
Koha biblioitemnumber 341757
Наличности
Код за отписване Код за изгубен артикул Източник на класификационната схема Код за повреда Коз за рестрикции Код за отдаване Артикулен № Име на библиотеката - собственик Име на библиотеката, в която се намира в момента Статус (Текущо местоположение) Местоположение - отдел Цена в лева Номерация (Хронология) Инвентарен номер Систематично азбучна сигнатура Баркод Номер на екземпляра Цена в евро Служебен тип на артикула Дата на вписване в системата
  Не е изгубен Universal Decimal Classification Не е повреден само за читалня Специални фондове ( старопечатни, редки и ценни, фонд М. Арнаудов) 741751 Регионална библиотека "Любен Каравелов" Русе Регионална библиотека "Любен Каравелов" Русе Фонд "Михаил Арнаудов" Фонд "Михаил Арнаудов" 5.00 Автограф: Ст. Л. Костов 587369 МА 408 120000587369 1 2.56 Книги  
  Не е изгубен Universal Decimal Classification Не е повреден само за читалня Специални фондове ( старопечатни, редки и ценни, фонд М. Арнаудов) 741752 Регионална библиотека "Любен Каравелов" Русе Регионална библиотека "Любен Каравелов" Русе Фонд "Михаил Арнаудов" Фонд "Михаил Арнаудов" 5.00 Автограф: Ст. Л. Костов 587412 МА 408 120000587412 2 2.56 Книги  
  Не е изгубен Universal Decimal Classification Не е повреден само за читалня ползва се в читалня 841118 Регионална библиотека "Любен Каравелов" Русе Регионална библиотека "Любен Каравелов" Русе Хранилище Основен фонд - ползва се само за читалня 0.19   4925 Цб 8.165.4925 900000066392   0.10 Книги 2021-07-06
Vip Innovations Ltd, Rousse, Bulgaria 2025